Occurrence of microfilariae from subfamily Onchocercinae in red and roe deer in Bieszczady Mountains

Podrobná bibliografia
Hlavní autori: Dróżdż, J. (Autor), Lachowicz, J. (Autor), Demiaskiewicz, A. W. (Autor)
Médium: Článok
Jazyk:angličtina

MARC

LEADER 00000nab a2200000ua 4500
001 vtls010781884
003 SK-MaSNL
005 20260303225213.0
008 230218s2001 xo |||||||||||||||||eng|
035 |a (urnnbn)urn:nbn:sk:snk:ar-a05tet 
035 |a (uuid)7334876c-d348-4ec9-a466-7833a3e133ab 
035 |a urn:nbn:sk:snk-ab4v9k 
040 |a SNKBUCL  |b slo  |c SNKBUCL  |e AACR2 
041 0 |a eng 
044 |a xo  |c SK 
100 1 |a Dróżdż, J.  |4 aut  |9 1261734 
245 1 0 |a Occurrence of microfilariae from subfamily Onchocercinae in red and roe deer in Bieszczady Mountains  |c J. Dróżdż, J. Lachowicz, A. W. Demiaszkiewicz 
700 1 |a Lachowicz, J.  |4 aut  |9 1261735 
700 1 |a Demiaskiewicz, A. W.  |4 aut  |9 1261736 
773 0 |t Helminthologia  |g Roč. 38, č. 2 (2001), s. 111-113 
958 |a OND 
958 |a EUIPO 
958 |a article3 
999 |c 2256124  |d 2258054